<?xml version="1.0" encoding="UTF-8"?>
<collection xmlns="http://www.loc.gov/MARC21/slim">
 <record>
  <leader>00947nam a22002295a 4500</leader>
  <controlfield tag="001">CEM.cems020834</controlfield>
  <controlfield tag="008">240226s2014####ag############000#0#und#d</controlfield>
  <controlfield tag="005">20240226143637.0</controlfield>
  <datafield tag="245" ind1="1" ind2="0">
   <subfield code="a">Pájaros en la cabeza /</subfield>
   <subfield code="c">Joel Franz Rosell ; ilustrado por Marta Torrao.</subfield>
  </datafield>
  <datafield tag="250" ind1=" " ind2=" ">
   <subfield code="a">1a ed.</subfield>
  </datafield>
  <datafield tag="260" ind1=" " ind2=" ">
   <subfield code="a">Buenos Aires :</subfield>
   <subfield code="b">Iamiqué,</subfield>
   <subfield code="c">2014.</subfield>
  </datafield>
  <datafield tag="300" ind1=" " ind2=" ">
   <subfield code="a">48 p.</subfield>
  </datafield>
  <datafield tag="490" ind1="1" ind2=" ">
   <subfield code="a">Colecciones de aula</subfield>
  </datafield>
  <datafield tag="500" ind1=" " ind2=" ">
   <subfield code="a">Edición especial para el Ministerio de Educación de la Nación.</subfield>
  </datafield>
  <datafield tag="520" ind1=" " ind2=" ">
   <subfield code="a">El rey era ya muy viejo. Se notaba en que tenía la barba blanca y los ojos tan cansados que no veía un dragón a tres pasos. Pero era un rey bueno, el mejor que había tenido aquel reino en toda su historia.</subfield>
  </datafield>
  <datafield tag="020" ind1=" " ind2=" ">
   <subfield code="a">9789871217687</subfield>
  </datafield>
  <datafield tag="100" ind1="1" ind2=" ">
   <subfield code="a">Rosell, Joel Franz.</subfield>
  </datafield>
  <datafield tag="700" ind1="1" ind2=" ">
   <subfield code="a">Torrao, Marta.</subfield>
  </datafield>
  <datafield tag="653" ind1=" " ind2=" ">
   <subfield code="a">Literatura cubana</subfield>
  </datafield>
  <datafield tag="653" ind1=" " ind2=" ">
   <subfield code="a">Literatura infantil</subfield>
  </datafield>
  <datafield tag="653" ind1=" " ind2=" ">
   <subfield code="a">Novela infantil</subfield>
  </datafield>
  <datafield tag="859" ind1=" " ind2=" ">
   <subfield code="a">CEMS</subfield>
   <subfield code="b">BIB. CEMS - Inicial y Primaria</subfield>
   <subfield code="h">Cu863.4</subfield>
   <subfield code="i">R722-1</subfield>
   <subfield code="k">IP</subfield>
   <subfield code="p">5366</subfield>
   <subfield code="t">Ej.1</subfield>
  </datafield>
 </record>
</collection>
